Normal view
MARC view
- Madan.R.B.etal.
Entry Personal Name
001 - CONTROL NUMBER
- control field: 4806
003 - CONTROL NUMBER IDENTIFIER
- control field: OSt
005 - DATE AND TIME OF LATEST TRANSACTION
- control field: 20180116091307.0
008 - FIXED-LENGTH DATA ELEMENTS
- fixed length control field: 180116|| aca||aabn | a|a d
040 ## - CATALOGING SOURCE
- Original cataloging agency: OSt
- Transcribing agency: OSt
100 ## - HEADING--PERSONAL NAME
- Personal name: Madan.R.B.etal.
670 ## - SOURCE DATA FOUND
- Source citation: Work cat.: (OSt): Madan.R.B.etal., Perwinkle English, 2007